| 000 | 00425nam a2200169Ia 4500 | ||
|---|---|---|---|
| 005 | 20251020182557.0 | ||
| 008 | 200515s9999 xx 000 0 und d | ||
| 082 | _aSC/304+32(7/8)/T75 | ||
| 100 | _aTOURAINE, Alain | ||
| 245 | 0 | _aActores sociales y sistemas políticos en América Latina | |
| 260 | _aGinebra | ||
| 260 | _c1987 | ||
| 300 | _a256 | ||
| 650 | _aAMERICA LATINA | ||
| 650 | _aSISTEMA POLITICO | ||
| 942 | _cLIB | ||
| 999 |
_c2930 _d2930 |
||